| 000 | 01131nam a22002777a 4500 | ||
|---|---|---|---|
| 005 | 20240530110457.0 | ||
| 008 | 150615s2011 ua adk g b 000 0 ara d | ||
| 017 |
_a2010/21391 _bمصر . دار الكتب المصرية |
||
| 020 | _a9789772879947 | ||
| 040 | _aEG-CaGPL | ||
| 082 | 0 | 4 |
_221 _a005.7\ _bع ح |
| 100 | 0 | _aعبدالحميد بسيونى | |
| 245 | 1 | 2 |
_aالحاسب و استكشاف المعرفة : _bتنقيب البيانات = Data Mining / _cعبدالحميد بسيونى |
| 250 | _aط1 | ||
| 260 |
_aالقاهرة : _bدار الكتب العلمية للنشر و التوزيع ، _c2011 . |
||
| 300 |
_a287 ص : _bايض ؛ _c24 سم . |
||
| 490 | _aالحواسب الذكية فى الادارة و الاعمال | ||
| 504 | _aيشتمل على ارجاعات ببليوجرافية | ||
| 650 | 0 | 4 | _aالحاسبات الالكترونية |
| 650 | 0 | 4 | _aنظم المعلومات |
| 650 | 0 | 4 | _aملفات البيانات |
| 650 | 0 | 4 | _aاختزان و استرجاع المعلومات |
| 650 | 0 | 4 | _aالمعرفة |
| 942 |
_2ddc _cBK |
||
| 999 |
_c61400 _d61400 |
||